<?xml version="1.0" encoding="UTF-8"?>
<record
    xmlns:xsi="http://www.w3.org/2001/XMLSchema-instance"
    xsi:schemaLocation="http://www.loc.gov/MARC21/slim http://www.loc.gov/standards/marcxml/schema/MARC21slim.xsd"
    xmlns="http://www.loc.gov/MARC21/slim">

  <leader>00951nam a2200229 a 4500</leader>
  <controlfield tag="001">84584</controlfield>
  <controlfield tag="003">BD-RjUL</controlfield>
  <controlfield tag="005">20250109140618.0</controlfield>
  <controlfield tag="008">250109s1966    ii ||||| |||| 00| 0 ben d</controlfield>
  <datafield tag="035" ind1=" " ind2=" ">
    <subfield code="a">(BD-RjUL)84584</subfield>
  </datafield>
  <datafield tag="040" ind1=" " ind2=" ">
    <subfield code="a">BD-RjUL</subfield>
    <subfield code="b">eng</subfield>
    <subfield code="c">BD-RjUL</subfield>
  </datafield>
  <datafield tag="041" ind1=" " ind2=" ">
    <subfield code="a">ben</subfield>
  </datafield>
  <datafield tag="082" ind1=" " ind2=" ">
    <subfield code="2">23</subfield>
    <subfield code="a">297.4</subfield>
    <subfield code="b">KAA 1966</subfield>
  </datafield>
  <datafield tag="100" ind1=" " ind2=" ">
    <subfield code="a">&#x995;&#x9B0;&#x9BF;&#x9AE;, &#x986;&#x9B2;-&#x9B9;&#x9BE;&#x99C; &#x9AE;&#x9BE;&#x993;&#x9B2;&#x9BE;&#x9A8;&#x9BE; &#x9AB;&#x99C;&#x9B2;&#x9C1;&#x9B2; </subfield>
    <subfield code="9">14771</subfield>
  </datafield>
  <datafield tag="245" ind1=" " ind2=" ">
    <subfield code="a">&#x98F;&#x9B9;&#x9CD; &#x987;&#x9AF;&#x9BC;&#x9BE;&#x993; &#x989;&#x9B2;&#x9C1;&#x9AE;&#x9BF;&#x9A6;&#x9CD;&#x9A6;&#x9C0;&#x9A8; &#x9AC;&#x9BE; &#x98F;&#x9B9;&#x9CD; &#x987;&#x9AF;&#x9BC;&#x9BE;&#x989;&#x9B2; &#x989;&#x9B2;&#x9C1;&#x9AE; / </subfield>
    <subfield code="c">&#x986;&#x9B2;-&#x9B9;&#x9BE;&#x99C; &#x9AE;&#x9BE;&#x993;&#x9B2;&#x9BE;&#x9A8;&#x9BE; &#x9AB;&#x99C;&#x9B2;&#x9C1;&#x9B2; &#x995;&#x9B0;&#x9BF;&#x9AE; </subfield>
  </datafield>
  <datafield tag="260" ind1=" " ind2=" ">
    <subfield code="a">&#x9A2;&#x9BE;&#x995;&#x9BE; : </subfield>
    <subfield code="b">&#x986;&#x99C;&#x9BF;&#x9AB;&#x9BE; &#x996;&#x9BE;&#x9A4;&#x9C1;&#x9A8;, </subfield>
    <subfield code="c">&#x9E7;&#x9EF;&#x9EC;&#x9EC;</subfield>
  </datafield>
  <datafield tag="300" ind1=" " ind2=" ">
    <subfield code="a">&#x996;&#x9A3;&#x9CD;&#x9A1;(&#x9E8;&#x9EF;&#x9EE;&#x9ED;-&#x9E9;&#x9E9;&#x9EE;&#x9EF; &#x9AA;&#x9C3;.);</subfield>
    <subfield code="c">&#x9E8;&#x9E9; &#x9B8;&#x9C7;&#x9AE;&#x9BF;.</subfield>
  </datafield>
  <datafield tag="505" ind1="0" ind2="1">
    <subfield code="a">&#x996;&#x9A3;&#x9CD;&#x9A1;. &#x9EF;&#x9AE; &#x9AA;&#x9B0;&#x9BF;&#x9A4;&#x9CD;&#x9B0;&#x9BE;&#x9A8; &#x9AA;&#x9C1;&#x9B8;&#x9CD;&#x9A4;&#x995; &#x9E9;&#x9AF;&#x9BC; &#x9AD;&#x9BE;&#x997; --</subfield>
  </datafield>
  <datafield tag="650" ind1=" " ind2=" ">
    <subfield code="a">&#x9B8;&#x9C1;&#x9AB;&#x9BF;&#x9AC;&#x9BE;&#x9A6;</subfield>
    <subfield code="9">4014</subfield>
  </datafield>
  <datafield tag="650" ind1=" " ind2=" ">
    <subfield code="a">Sufism</subfield>
  </datafield>
  <datafield tag="942" ind1=" " ind2=" ">
    <subfield code="2">ddc</subfield>
    <subfield code="c">BK</subfield>
  </datafield>
  <datafield tag="999" ind1=" " ind2=" ">
    <subfield code="c">84584</subfield>
    <subfield code="d">84584</subfield>
  </datafield>
  <datafield tag="952" ind1=" " ind2=" ">
    <subfield code="0">0</subfield>
    <subfield code="1">0</subfield>
    <subfield code="2">ddc</subfield>
    <subfield code="4">0</subfield>
    <subfield code="7">1</subfield>
    <subfield code="8">NFIC</subfield>
    <subfield code="a">RUCL</subfield>
    <subfield code="b">RUCL</subfield>
    <subfield code="c">Reading</subfield>
    <subfield code="d">1967-01-13</subfield>
    <subfield code="g">6.00</subfield>
    <subfield code="l">0</subfield>
    <subfield code="o">B 297.4 KAA V-9 1966</subfield>
    <subfield code="r">2025-01-09 00:00:00</subfield>
    <subfield code="t">C-1</subfield>
    <subfield code="w">2025-01-09</subfield>
    <subfield code="y">BK</subfield>
  </datafield>
</record>
